Taylor Swift Track 13 Songs - Sudden Death - Statistics

General Stats
  • This quiz has been taken 43 times
  • The average score is 3 of 8
Answers on the Grid
Answers color-coded by a green-red scale on the quiz's grid according to % correct below.
Clean
Mastermind
Long Live
Breathe
False God
Call It What You Want
epiphany
Invisible
Starlight
I Can Do It With A Broken Heart
closure
Never Grow Up
Change
You Are In Love
Karma
The Lucky One
 
Answer Stats
Answer % Correct
Mastermind
72%
Clean
67%
I Can Do It With A Broken Heart
39%
epiphany
33%
False God
33%
Change
28%
The Lucky One
28%
Invisible
22%
No matching quizzes found
Score Distribution
Percent of People with Each Score
Percentile by Number Answered
Your Score History
You have not taken this quiz